000 00463nam a2200169Ia 4500
003 GCL
008 140319s9999 xx 000 0 ara d
040 _aGCL /
_cGCL
082 0 4 _aط
_b636
_bد ح
100 1 _aدار المعارف
245 1 0 _aحيوانات متنوعة /
_cدار المعارف
300 _a13 ص
490 _aمكتبتى المصورة
_v0
650 0 4 _aالاطفال
650 0 4 _aالحيوانات - تربية
942 _2ddc
_cBK
999 _c51479
_d51479